000 00752nam a2200289Ia 4500
005 20260324140043.0
008 008 260324s9999 xx 000 0 eng d
020 _a9780429469046
037 _aEBOOK
040 _aCRL
040 _beng
040 _cCRL
041 _2eng
041 _aeng
084 _qCRL
100 _aAnn Berger; Jean Gross
_91202956
245 0 _aTeaching the Literacy Hour in an Inclusive Classroom
245 0 _bSupporting Pupils with Learning Difficulties in a Mainstream Environment
260 _bTaylor and Francis
260 _c1999
365 _a
365 _b170
856 _uhttp://www.taylorfrancis.com/books/9780429469046
942 _cEBOOK
999 _c1804607
_d1804607